Online
Catalog

Las dos constituciones de San Cristobal. / (Record no. 13240)

MARC details
000 -CABECERA
campo de control de longitud fija 00845nam a2200217 a 4500
001 - NÚMERO DE CONTROL
campo de control 000013626
003 - IDENTIFICADOR DEL NÚMERO DE CONTROL
campo de control DO-SdBNP
005 - FECHA Y HORA DE LA ÚLTIMA TRANSACCIÓN
campo de control 20220810103642.0
007 - CAMPO FIJO DE DESCRIPCIÓN FÍSICA--INFORMACIÓN GENERAL
campo de control de longitud fija ta
008 - DATOS DE LONGITUD FIJA--INFORMACIÓN GENERAL
campo de control de longitud fija 091126s1959 dr 000 0 spa d
040 ## - FUENTE DE LA CATALOGACIÓN
Centro catalogador/agencia de origen DO-SdBNP
Lengua de catalogación spa
Centro/agencia transcriptor BNPHU
082 ## - NÚMERO DE LA CLASIFICACIÓN DECIMAL DEWEY
Número de clasificación xxxx
Número de documento/Ítem C758
100 ## - ENTRADA PRINCIPAL--NOMBRE DE PERSONA
Nombre de persona Cordero Infante, J. R
9 (RLIN) 31030
245 14 - MENCIÓN DE TÍTULO
Título Las dos constituciones de San Cristobal. /
Mención de responsabilidad, etc. J. R. Cordero Infante.
260 ## - PUBLICACIÓN, DISTRIBUCIÓN, ETC.
Lugar de publicación, distribución, etc. Ciudad Trujillo, República Dominicana :
Nombre del editor, distribuidor, etc. Publicaciones del Partido Dominicano,
-- Edit. del Caribe
Fecha de publicación, distribución, etc. 1959.
300 ## - DESCRIPCIÓN FÍSICA
Extensión 29 p. ;
Dimensiones 24 cm.
500 ## - NOTA GENERAL
Nota general Conferencia pronunciada en la sala de la constituón del Partido Dominicano de la ciudad Benemérita de San Cristóbal, el 6 de noviembre de 1958, día de la constitución, por J. R. Cordero Infante
590 ## - NOTA LOCAL (RLIN)
Nota local Inventariado, 2022/ YL
910 ## - DATOS DE OPCIÓN DEL USUARIO (OCLC)
Datos de opción del usuario YLockward
942 ## - ELEMENTOS DE PUNTO DE ACCESO ADICIONAL (KOHA)
Fuente del sistema de clasificación o colocación Dewey Decimal Classification
Tipo de ítem Koha Folleto
Holdings
Estado de retiro Estado de pérdida Fuente del sistema de clasificación o colocación Restricciones de uso No para préstamo Código de colección Localización permanente Ubicación/localización actual Ubicación en estantería Fecha de adquisición Número de inventario Signatura topográfica completa Código de barras Fecha visto por última vez Precio válido a partir de Tipo de ítem Koha Nota pública
    Dewey Decimal Classification Excluido de préstamo   Dominicana Folletos Raros y Valiosos Biblioteca Nacional Pedro Henríquez Ureña Biblioteca Nacional Pedro Henríquez Ureña Depósito 26.11.2009 LF1 xxxx C758 13626-10 25.06.2020 25.06.2020 Folleto Perteneció a la biblioteca personal de Martínez Boog.

Powered by Koha